The periodic table

From its beginnings in the mysterious experiments of the medieval alchemists to its newest additions discovered during the atomic age, the periodic table has remained an astonishing tool for understanding the basic building blocks of the universe. This guide helps you learn why the table is a chemis...

Full beskrivning

Sparad:
Bibliografiska uppgifter
Huvudupphovsman: Ham, Becky
Materialtyp: Bok
Språk:Undetermined
Publicerad: New York Chelsea House 2008
Ämnen:
Taggar: Lägg till en tagg
Inga taggar, Lägg till första taggen!
Thư viện lưu trữ: Trung tâm Học liệu Trường Đại học Cần Thơ
LEADER 00852nam a2200205Ia 4500
001 CTU_217085
008 210402s9999 xx 000 0 und d
020 |c 35 
082 |a 546.8 
082 |b H198 
100 |a Ham, Becky 
245 4 |a The periodic table 
245 0 |c Becky Ham 
260 |a New York 
260 |b Chelsea House 
260 |c 2008 
520 |a From its beginnings in the mysterious experiments of the medieval alchemists to its newest additions discovered during the atomic age, the periodic table has remained an astonishing tool for understanding the basic building blocks of the universe. This guide helps you learn why the table is a chemist's best friend, and what the table reveals 
650 |a Tạp chí luật,Periodic law 
904 |i yen (Nguyên) 
980 |a Trung tâm Học liệu Trường Đại học Cần Thơ